000 00352nam a2200169Ia 4500
100 _aGodse/A.P/ Godse/D.A
650 _aComputer graphics
942 _cBK
366 _f20
654 _agraphics
245 _aCompute graphics
260 _bTech Max
_c2012
082 _a6.6
_bGOD
300 _a328
546 _aENGLISH
_cComputers
999 _c22444
_d22444